Nicole Willk-Brocard, Jean-Bernard Restout, 1732-1796, peintre du roi et révolutionnaire, préf. Pierre Rosenberg, Paris, Arthena, 2017, 260 p., ill. en N&B et en couleurs (notice n° 1635837)
[ vue normale ]
| 000 -LEADER | |
|---|---|
| fixed length control field | 00602cam a2200145 4500500 |
| 005 - DATE AND TIME OF LATEST TRANSACTION | |
| control field | 20260111142232.0 |
| 041 ## - LANGUAGE CODE | |
| Language code of text/sound track or separate title | fre |
| 042 ## - AUTHENTICATION CODE | |
| Authentication code | dc |
| 100 10 - MAIN ENTRY--PERSONAL NAME | |
| Personal name | Moureau, François |
| Relator term | author |
| 245 00 - TITLE STATEMENT | |
| Title | Nicole Willk-Brocard, Jean-Bernard Restout, 1732-1796, peintre du roi et révolutionnaire, préf. Pierre Rosenberg, Paris, Arthena, 2017, 260 p., ill. en N&B et en couleurs |
| 260 ## - PUBLICATION, DISTRIBUTION, ETC. | |
| Date of publication, distribution, etc. | 2019.<br/> |
| 500 ## - GENERAL NOTE | |
| General note | 5 |
| 786 0# - DATA SOURCE ENTRY | |
| Note | Dix-huitième siècle | 51 | 1 | 2019-07-17 | p. CII-CII | 0070-6760 |
| 856 41 - ELECTRONIC LOCATION AND ACCESS | |
| Uniform Resource Identifier | <a href="https://shs.cairn.info/revue-dix-huitieme-siecle-2019-1-page-CII?lang=fr&redirect-ssocas=7080">https://shs.cairn.info/revue-dix-huitieme-siecle-2019-1-page-CII?lang=fr&redirect-ssocas=7080</a> |
Pas d'exemplaire disponible.




Réseaux sociaux